Foundation Of Miser: (Record no. 211587)

MARC details
000 -LEADER
fixed length control field 00573nam a22001817a 4500
005 - DATE AND TIME OF LATEST TRANSACTION
control field 20250604145315.0
010 ## - LCCN (DPL NO)
LC control number ENG-145191
020 ## - INTERNATIONAL STANDARD BOOK NUMBER
International Standard Book Number 9788126921188
Terms of availability 895.00
035 ## - SYSTEM CONTROL NUMBER
System control number EN-128723
037 ## - SOURCE OF ACQUISITION
Source of stock number/acquisition DBAD
082 14 - DEWEY DECIMAL CLASSIFICATION NUMBER
Classification number 954.05
100 ## - MAIN ENTRY--PERSONAL NAME
Personal name Puranik, Rajnikant
245 1# - TITLE STATEMENT
Title Foundation Of Miser:
Remainder of title Blunders of The Nehruvian Era/
Statement of responsibility, etc Rajnikant Puranik
260 ## - PUBLICATION, DISTRIBUTION, ETC. (IMPRINT)
Place of publication, distribution, etc New Delhi
Name of publisher, distributor, etc Atlantic publishers
Date of publication, distribution, etc 2016
270 ## - ADDRESS
Address 7/22, Ansari road,Daryaganj
City New Delhi
Postal code 110002
300 ## - PHYSICAL DESCRIPTION
Extent xiii, 457p.
Dimensions 22 cm. (Hb)
942 ## - ADDED ENTRY ELEMENTS (KOHA)
Institution code [OBSOLETE] dpl
Item type English Books
Source of classification or shelving scheme Dewey Decimal Classification
Classification part 954.05
Call number suffix PUR
Holdings
Withdrawn status Lost status Not for loan Collection code Home library Current library Date acquired Source of acquisition Cost, normal purchase price Full call number Barcode Copy number Cost, replacement price Koha item type
      Non-fiction RC3 Shakur Pur RC3 Shakur Pur 04/06/2025 Delivery of Books Act Division 895.00 954.05 PUR EN-128723 1 895.00 English Books

© Delhi Public Library
Hit Counter
free hit counter